000
00402nam a2200133Ia 4500
008
151001s9999||||xx |||||||||||||| ||und||
100
_a
शर्मा गोपाल
245
_a
संप्रेषण परक हिंदी भाषा शिक्षण
250
_a
1
260
_b
साहित्य सहकार
260
_c
2007
300
_a
160
365
_b
21
999
_c
991007
_d
991004